000 00989nas a2200325 4500
001 BR0503057
003 BR-BrBNA
005 20231205105430.0
007 ta
008 230509b bl.|||p| |||| 00| 00por d
040 _aBR-BrBNA
_bpor
_cBiblioteca Nacional de Agricultura
041 _a(Pt)
072 _aF62
100 1 _aAndrade, A.C.
100 1 _aFonseca, D.M. da
100 1 _aLopes, R. dos S.Nascimento Júnior, D. do
100 1 _aCecon, P.R.
100 1 _aQueiroz, D.S.
100 1 _aPereira, D.H.
100 1 _aReis, S.T.
245 1 _aCaracterísticas morfogênicas e estruturais do capim-elefante "Napier" adubado e irrigado
650 _aCAPIM ELEFANTE
650 _aTAXA DE CRESCIMENTO
650 _aANÁLISE FOLIAR
650 _aADUBAÇÃO
650 _aIRRIGAÇÃO
773 0 _tCiência e Agrotecnologia (Brazil)
_xISSN 1413-7054
_g(Jan-Feb 2005), v. 29(1) p. 150-159
_wBR0503057
909 _a202311
_bLúcia
_c55
_dLúcia Elande
942 _2AGRIS
_n0
_cANA
999 _c182938
_d182938